Statistics for Guess the 1970s song lyrics #283

Click here to take the quiz!

General Stats

  • This quiz has been taken 11 times
  • The average score is 152 of 249

Answer Stats

Answer% Correct
can
100%
You
100%
you
100%
on
91%
the
91%
Your
91%
your
91%
a
82%
And
82%
I
82%
love
82%
me
82%
my
82%
no
82%
of
82%
Of
82%
that
82%
to
82%
be
73%
could
73%
did
64%
don't
64%
it
64%
know
64%
not
64%
say
64%
she
64%
would
64%
Baby
55%
But
55%
from
55%
get
55%
have
55%
I'll
55%
let
55%
loved
55%
see
55%
So
55%
Tell
55%
tell
55%
will
55%
won't
55%
down
45%
give
45%
Give
45%
just
45%
never
45%
Oh
45%
oh
45%
only
45%
wanna
45%
Was
45%
was
45%
Well
45%
woman
45%
You'll
45%
chance
36%
aroun
27%
away
27%
begin
27%
Blue
27%
fool
27%
forget
27%
myself
27%
she's
27%
sound
27%
Til
27%
Time
27%
voice
27%
years
27%
ago
18%
autumn
18%
cast
18%
colors
18%
crashin
18%
dream
18%
flashin
18%
follow
18%
green
18%
haunt
18%
ocean
18%
pretty
18%
running
18%
shinin
18%
silver
18%
spell
18%
spring
18%
Turn
18%
worth
9%

Score Distribution

Percentile by Number Answered

Percent of People with Each Score

Your Score History

You have not taken this quiz